Ciudades de los EE.UU. - ¡Muerte Súbita! - Estadísticas

Estadísticas generales
  • Esta prueba ha sido intentada 158 veces
    114 desde el último reinicio
  • La puntuación promedio es 11 de 18
Answers on the Grid
Answers color-coded by a green-red scale on the quiz's grid according to % correct below.
Acra
Albuquerque
Amarillo
Bangalore
Belfast
Brighton
Brisbane
Brujas
Cairns
Conakri
Cork
Corpus Christi
Dresde
Edmonton
Galway
Puerto Moresby
Gold Coast
Honolulu
Houston
Irapuato
Long Beach
Lyon
Miami
Milwaukee
Montreal
Nasáu
Nueva York
Omaha
Orlando
Perth
Pittsburgh
Puerto Elizabeth
Puerto España
Sacramento
San Diego
San José
San Luis
Seattle
Tampa
Tijuana
 
Estadísticas de respuestas
Respuesta % Correcto
Texas Houston
81%
Wisconsin Milwaukee
81%
Nueva York Nueva York
81%
Florida Orlando
79%
California Sacramento
78%
Washington Seattle
76%
Florida Miami
74%
California San Diego
74%
Hawái Honolulu
69%
Nuevo México Albuquerque
65%
California Long Beach
60%
Pensilvania Pittsburgh
56%
Florida Tampa
56%
Misuri San Luis
54%
California San José
53%
Nebraska Omaha
44%
Texas Amarillo
35%
Texas Corpus Christi
28%
No se encontraron pruebas coincidentes
Distribución de puntuación
Porcentaje de gente con cada puntuación
Porcentaje por número respondido
Historial de tus puntuaciones
No has intentado esta prueba desde el último reinicio